000 00473nam a2200169Ia 4500
008 230917s9999||||xx |||||||||||||| ||und||
020 _cRS250
040 _e232030
_aMAIN
041 _aEnglish
082 _a647.94 N312H
100 _aNegi, Jagmohan
245 0 _aHospitality reception and front office: Procedure and system
260 _aNew Delhi
_bS Chand
_c2013
300 _axii, 276 p.
500 _a2288 11/02/2016 HBD15/1623 13/02/2016 IHTM (SFS)
942 _cBK
999 _c18262
_d18262